=LDR 00000nam 2200000 4500 =001 000542 =005 20250711122013 =035 ##$$a 0010-0725000410 =007 ta =008 250711################a##########0#ind## =020 ##$$a 978-623-307-961-7 =082 ##$$a 398.209 598 =084 ##$$a 398.209 598 HS, a =100 #$$a HS, Radha =245 1#$$a Aku dan Bekku /$c Radha HS =250 ##$$a cetakan pertama =260 ##$$a Jakarta :$b badan pengembangan dan pembinaan bahasa,$c 2022 =300 ##$$a 16 hlm. : $b ilus. ; $c 22,9 cm$e 398.209 598 =650 #4$$a Cerita Anak Indonesia =856 ##$$a TBM As Suhada =990 ##$$a TBM03030303